Living Islam : (Record no. 185053)
[ view plain ]
| 000 -LEADER | |
|---|---|
| fixed length control field | 01329 a2200289 4500 |
| 003 - CONTROL NUMBER IDENTIFIER | |
| control field | NUST |
| 005 - DATE AND TIME OF LATEST TRANSACTION | |
| control field | 20221206182523.0 |
| 010 ## - LIBRARY OF CONGRESS CONTROL NUMBER | |
| LC control number | 2006295279 |
| 020 ## - INTERNATIONAL STANDARD BOOK NUMBER | |
| International Standard Book Number | 0521617650 (pbk.) |
| 020 ## - INTERNATIONAL STANDARD BOOK NUMBER | |
| International Standard Book Number | 0521852234 (hbk.) |
| 024 3# - OTHER STANDARD IDENTIFIER | |
| Standard number or code | 9780521617659 (pbk.) |
| 024 3# - OTHER STANDARD IDENTIFIER | |
| Standard number or code | 9780521852234 (hbk.) |
| 035 ## - SYSTEM CONTROL NUMBER | |
| System control number | (OCoLC)ocm61702427 |
| 040 ## - CATALOGING SOURCE | |
| Transcribing agency | Nust |
| 082 04 - DEWEY DECIMAL CLASSIFICATION NUMBER | |
| Classification number | 297,AKB |
| 100 1# - MAIN ENTRY--PERSONAL NAME | |
| Personal name | Ahmed , Akbar S |
| 9 (RLIN) | 5313 |
| 245 10 - TITLE STATEMENT | |
| Title | Living Islam : |
| Remainder of title | from Samarkand to stornoway / |
| Statement of responsibility, etc. | Akbar S. Ahmed |
| 260 ## - PUBLICATION, DISTRIBUTION, ETC. | |
| Place of publication, distribution, etc. | Cambridge, UK ; |
| -- | : |
| Name of publisher, distributor, etc. | Army Educations Press, |
| Date of publication, distribution, etc. | 2005. |
| 300 ## - PHYSICAL DESCRIPTION | |
| Extent | xvi, 224 p. : |
| Other physical details | ill., maps. ; |
| Dimensions | 24 cm. |
| 505 ## - FORMATTED CONTENTS NOTE | |
| Formatted contents note | Introduction (Page-11), What Is Islam (Page-21), The Challenge Of Past (Page-57), When Worlds Collide (Page-97), Muslim As Minorities (Page-150), Islam In The Age Of The Western Media (Page-193). |
| 651 #0 - SUBJECT ADDED ENTRY--GEOGRAPHIC NAME | |
| Geographic name | Chitr塬 District (Pakistan) |
| General subdivision | Religious life and customs. |
| 9 (RLIN) | 104294 |
| 651 #0 - SUBJECT ADDED ENTRY--GEOGRAPHIC NAME | |
| Geographic name | Chitr塬 District (Pakistan) |
| General subdivision | Social life and customs. |
| 9 (RLIN) | 104295 |
| 856 42 - ELECTRONIC LOCATION AND ACCESS | |
| Materials specified | Contributor biographical information |
| Uniform Resource Identifier | <a href="http://www.loc.gov/catdir/enhancements/fy0733/2006295279-b.html">http://www.loc.gov/catdir/enhancements/fy0733/2006295279-b.html</a> |
| 856 42 - ELECTRONIC LOCATION AND ACCESS | |
| Materials specified | Publisher description |
| Uniform Resource Identifier | <a href="http://www.loc.gov/catdir/enhancements/fy0632/2006295279-d.html">http://www.loc.gov/catdir/enhancements/fy0632/2006295279-d.html</a> |
| 856 42 - ELECTRONIC LOCATION AND ACCESS | |
| Materials specified | Table of contents only |
| Uniform Resource Identifier | <a href="http://www.loc.gov/catdir/enhancements/fy0632/2006295279-t.html">http://www.loc.gov/catdir/enhancements/fy0632/2006295279-t.html</a> |
| 942 ## - ADDED ENTRY ELEMENTS (KOHA) | |
| Source of classification or shelving scheme | |
| Koha item type | Book |
| Call number prefix | 297,AKB |
| Withdrawn status | Lost status | Source of classification or shelving scheme | Damaged status | Not for loan | Permanent Location | Current Location | Shelving location | Date acquired | Full call number | Barcode | Date last seen | Price effective from | Koha item type | Public note |
|---|---|---|---|---|---|---|---|---|---|---|---|---|---|---|
| Military College of Signals (MCS) | Military College of Signals (MCS) | General Stacks | 12/12/2016 | 297,AKB | MCS21700 | 12/08/2016 | 12/12/2016 | Book | Almirah No.47, Shelf No.1 |
